CONTEMPORARY PEDIATRIC NURSING (Record no. 209399)

MARC details
000 -LEADER
fixed length control field 00452nam a22001697a 4500
008 - FIXED-LENGTH DATA ELEMENTS--GENERAL INFORMATION
fixed length control field 240306b |||||||| |||| 00| 0 eng d
020 ## - INTERNATIONAL STANDARD BOOK NUMBER
International Standard Book Number 9780815128977
050 ## - LIBRARY OF CONGRESS CALL NUMBER
Classification number RJ 245 .O67 1998
Item number C.1
100 ## - MAIN ENTRY--PERSONAL NAME
Personal name OPPERMAN, CATHLEEN S.(EDITOR)
245 ## - TITLE STATEMENT
Title CONTEMPORARY PEDIATRIC NURSING
260 ## - PUBLICATION, DISTRIBUTION, ETC.
Place of publication, distribution, etc. US
Name of publisher, distributor, etc. MOSBY
Date of publication, distribution, etc. 1998
300 ## - PHYSICAL DESCRIPTION
Extent XXI;543P.ILL.
500 ## - GENERAL NOTE
General note INCLUDES GLOSSARY AND INDEX
650 ## - SUBJECT ADDED ENTRY
Topical term or geographic name entry element NURSING CARE
700 ## - ADDED ENTRY--PERSONAL NAME
Personal name ED AL
942 ## - ADDED ENTRY ELEMENTS (KOHA)
Source of classification or shelving scheme Library of Congress Classification
Koha item type Long Loan Book
Holdings
Withdrawn status Lost status Source of classification or shelving scheme Damaged status Not for loan Collection Home library Current library Shelving location Date acquired Inventory number Total checkouts Full call number Barcode Date last seen Copy number Price effective from Koha item type
    Library of Congress Classification     Medicine Kisii University Library Kisii University Library On Display 03/06/2024 91210   RJ 245 .O67 1998 043842 03/06/2024 C.1 03/06/2024 Long Loan Book